| 000 | 00354nam a2200145Ia 4500 | ||
|---|---|---|---|
| 008 | 230917s9999||||xx |||||||||||||| ||und|| | ||
| 040 |
_e132256 _aMAIN |
||
| 041 | _aEnglish | ||
| 082 | _a355.00942 R744S | ||
| 100 | _aRothstein, Andrew | ||
| 245 | 0 | _aSoldiers' strikes of 1919 | |
| 260 |
_aLondon _bMacmillan _c1919 |
||
| 300 | _a114p p. | ||
| 942 | _cBK | ||
| 999 |
_c228821 _d228821 |
||